LEADER 01265nam0-2200385---450- 001 990009653750403321 005 20121204123955.0 010 $a9783034301701$bvol. 1 010 $a9783034301718$bvol. 2 035 $a000965375 035 $aFED01000965375 035 $a(Aleph)000965375FED01 035 $a000965375 100 $a20121204d2010----km-y0itay50------ba 101 0 $afre 105 $a--------001yy 200 1 $a<>voix des Français$fMichaël Abecassis & Gudrun Ledegen (éds) 210 $aOxford [etc.]$cP. Lang$d2010 215 $a2 v. (364; 471 p.)$d23 cm 225 1 $aModern french identities$v93-94 300 $aAtti del convegno organizzato dall'AFLS e svoltosi ad Oxford nel 2010 327 1 $a1.: À travers l'histoire, l'école et la presse$a2.: En parlant, en écrivant 610 0 $aLingua francese parlata 676 $a440.9 676 $a448 702 1$aAbecassis,$bMichaël$f<1967- > 702 1$aLedegen,$bGudrun 801 0$aIT$bUNINA$gRICA$2UNIMARC 901 $aBK 912 $a990009653750403321 952 $a448 CONV OXFORD 2010(1)$bDip.Fil.Mod.19018$fFLFBC 952 $a448 CONV OXFORD 2010(2)$bDip.Fil.Mod.19018$fFLFBC 959 $aFLFBC 996 $aVoix des Français$9840990 997 $aUNINA LEADER 01037nam0-22003611i-450- 001 990003785830403321 005 20100512111656.0 010 $a0-471-14740-0 035 $a000378583 035 $aFED01000378583 035 $a(Aleph)000378583FED01 035 $a000378583 100 $a20030910d1994----km-y0itay50------ba 101 0 $aeng 102 $aUS 105 $a--------001cy 200 1 $a<>age of the Network$eorganizing principles for the 21st century$fJessica Lipnack and Jeffrey Stamps 210 $aNew York$cWiley$dc1994 215 $axx, 264 p.$cfig.$d23 cm 610 0 $aOrganizzazione$aGruppi di lavoro 610 0 $aGruppi di lavoro (organizzazione) 676 $a302.35 676 $a658.402 676 $a658.3128 700 1$aLipnack,$bJessica$0143818 701 1$aStamps,$bJeffrey$0143819 801 0$aIT$bUNINA$gRICA$2UNIMARC 901 $aBK 912 $a990003785830403321 952 $a658.3128 LIP 1$b5439$fBFS 959 $aBFS 996 $aAge of the Network$9510085 997 $aUNINA